000 00820ncm a2200229 a 4500
003 BLK
005 20240927140359.0
008 990101s1992 000 0 und d
040 _cBLK
041 _aENG
_cENG
080 _aПиано. Други кратки форми.
_b786.2.087.1
_z786.2.087.1
100 _aKabalevski, Dmitrii Borisovic
_eпърви автор
_91299
139 _aKabalevski, Dmitrii Borisovic
_bИ 94
245 1 0 _a Fifteen children's pieces : piano solo
_cD. Kabalevsky
246 3 _aFive studies in major and minor
260 _9494849
_aLondon
_bBoosey & Hawkes
_cs. a.
300 _a28 с.
_c28 см
380 _a7
650 0 _9291568
_aПиано - пиеси
700 _aКабалевски, Дмитрий Борисович
_eпърви автор
_9313516
942 _cNOT
_n0
_s1
999 _c517763
_d517763
944 _a30545
_cНора Радева
_k30545
_lНора Радева